=LDR 00000nam 2200000 4500 =001 INLIS000000000013954 =005 20130612105251 =008 ***********************************Ind** =035 ##$$0010-061300000013954 =041 ##$$a Ind =082 ##$$a 746.44 =090 ##$$a 746.44, Sya s =100 ##$$a Syahrul, Enny Kriswati =245 ##$$a Seni bordir pedoman praktis untuk pemula, Enny Kriswati Syahrul =260 ##$$a 2004 $b Bandung =300 ##$$a 109 hlm, Ilus, 30 cm =650 ##$$a Bordiran =850 ##$$a NBPNMAT